| 000 | 00767nab a2200181Ia 4500 | ||
|---|---|---|---|
| 003 | ES-SlBCS | ||
| 005 | 20210601145020.0 | ||
| 008 | 140529s1990 xxu||||| |||| 00| 0 spa d | ||
| 041 | _aspa | ||
| 100 | 1 |
_aGonzález, J. _9232388 |
|
| 245 | 0 | 0 |
_aLa psicología clínica en España desde los archivos de neurobiología, psicología, fisiología, histología, neurología y psiquiatría (1954-1970) _c J. González, Heliodoro Carpintero, José María Peiró, Francisco Tortosa |
| 650 | 0 | 4 |
_aPsicología Clínica-España _9307019 |
| 700 | 1 |
_aCarpintero, Heliodoro _927096 |
|
| 700 | 1 |
_aPeiró, José María _98154 |
|
| 700 | 1 |
_aTortosa, Francisco _9221726 |
|
| 773 | 0 |
_tRevista de Historia de la Psicologia _gvol. 11, nº. 3-4, 1990, págs. 207-220 _wRev700 |
|
| 942 | _cAR | ||
| 999 |
_c718040 _d718040 |
||